MBA AT 16 A TEENAGER S GUIDE TO BUSINESS (Record no. 19245)

MARC details
000 -LEADER
fixed length control field 00335nam a2200133Ia 4500
008 - FIXED-LENGTH DATA ELEMENTS--GENERAL INFORMATION
fixed length control field 240624s9999 xx 000 0 und d
041 ## - LANGUAGE CODE
Language code of text/sound track or separate title eng
082 ## - DEWEY DECIMAL CLASSIFICATION NUMBER
Classification number 823 BAG
100 ## - MAIN ENTRY--PERSONAL NAME
Personal name BAGCHI SUBROTO
245 ## - TITLE STATEMENT
Title MBA AT 16 A TEENAGER S GUIDE TO BUSINESS
260 ## - PUBLICATION, DISTRIBUTION, ETC.
Date of publication, distribution, etc. 2012
Place of publication, distribution, etc. New Delhi
Name of publisher, distributor, etc. Penguin India
300 ## - PHYSICAL DESCRIPTION
Extent 184 : p.
365 ## - TRADE PRICE
Currency code RS
Price amount 25
Holdings
Withdrawn status Lost status Damaged status Not for loan Home library Current library Shelving location Date acquired Source of acquisition Cost, normal purchase price Total Checkouts Full call number Barcode Date due Date last seen Date last checked out Copy number Price effective from Koha item type
        IMTN IMTN Rack 39-A 07/27/2012 IBH 199.00 2 823 BAG 19245 01/26/2026 01/16/2026 01/16/2026 1 06/24/2024 Books
Designed & Maintained by: LRC IMT Nagpur Contact: lrc@imtnag.ac.in© 2024. All Rights Reserved.